Devinez la célébrité américaine par images - Statistiques

Statistiques générales
  • Ce quiz a été pris 222 fois
  • Le résultat moyen est 11 sur 36
Statistiques - réponses
Par images Hint Réponse % Correct
Chanteur Eminem
77%
Chanteuse Beyoncé
72%
Acteur Léonardo DiCaprio
72%
Chanteuse Cardi B
62%
Chanteur Bruno Mars
60%
Actrice Jennifer Anniston
56%
Actrice Megan Fox
53%
Sportif Mike Tyson
51%
Acteur Zac Efron
49%
Actrice Jennifer Lawrence
43%
Acteur Denzel Washington
37%
Sportive Serena Williams
37%
Sportif Tiger Woods
36%
Actrice Scarlet Johansson
34%
Sportif Michael Jordan
33%
Sportive Simone Biles
32%
Chanteuse Alicia Keys
27%
Producteur Quentin Tarantino
26%
Acteur Dylan O'Brien
25%
Acteur Tom Hanks
25%
Actrice Nicole Kidman
24%
Chanteuse Nina Simone
23%
Acteur Taylor Lautner
22%
Actrice Anne Hathaway
21%
Chanteur Bob Dylan
20%
Acteur Clint Eastwood
19%
Actrice / Chanteuse Eva Mendes
15%
Acteur Jake Gyllenhaal
13%
Actrice Jennifer Love Hewitt
13%
Actrice Drew Barrymore
11%
Chanteur Franck Sinatra
8%
Chanteur Jimi Hendrix
5%
Chanteuse Gloria Gaynor
4%
Sportive Megan Rapinoe
4%
Chanteur Billy Joel
2%
Chanteuse Donna Summer
1%
Aucun quiz correspondant
Distribution des résultats
% des personnes avec chaque résultat
Percentile par nombre de réponses
Votre historique - résultats
Vous n’avez pas pris ce quiz